| 000 | 005230000a22001810004500 | ||
|---|---|---|---|
| 003 | MACL | ||
| 005 | 20160227154826.0 | ||
| 008 | 160227b xxu||||| |||| 00| 0 eng d | ||
| 040 |
_aMACL _cMACL |
||
| 041 | _aHindi | ||
| 082 | _a800 | ||
| 100 |
_aनागर अमृतलाल _941007 |
||
| 245 | _aहम फिदाए लखनउ | ||
| 260 |
_bराजपाल एण्ड सन्ज _c1973 _aनई दिल्ली |
||
| 350 | _a5 | ||
| 650 |
_aLiterature _941008 |
||
| 942 |
_cHIN _k800 _2ddc |
||
| 999 |
_c26577 _d26577 |
||